Niger : 2016 Article IV Consultation and Request for a Three-Year Arrangement Under the Extended Credit Facility-Press Release; Staff Report; and Statement by the Executive Director for Niger.

This 2016 Article IV Consultation highlights Niger's macroeconomic outcomes, which continue to be affected by security and humanitarian shocks, weak commodity prices, and reduced trade flows to neighboring countries. For 2016, growth is projected at 4.6 percent, slightly higher than the 3.5 per...

詳細記述

書誌詳細
団体著者: International Monetary Fund. African Dept
フォーマット: 雑誌
言語:English
出版事項: Washington, D.C. : International Monetary Fund, 2017.
シリーズ:IMF Staff Country Reports; Country Report ; No. 2017/059
オンライン・アクセス:Full text available on IMF
LEADER 01903cas a2200241 a 4500
001 AALejournalIMF017478
008 230101c9999 xx r poo 0 0eng d
020 |c 5.00 USD 
020 |z 9781475582871 
022 |a 1934-7685 
040 |a BD-DhAAL  |c BD-DhAAL 
110 2 |a International Monetary Fund.  |b African Dept. 
245 1 0 |a Niger :   |b 2016 Article IV Consultation and Request for a Three-Year Arrangement Under the Extended Credit Facility-Press Release; Staff Report; and Statement by the Executive Director for Niger. 
264 1 |a Washington, D.C. :  |b International Monetary Fund,  |c 2017. 
300 |a 1 online resource (137 pages) 
490 1 |a IMF Staff Country Reports 
500 |a <strong>Off-Campus Access:</strong> No User ID or Password Required 
500 |a <strong>On-Campus Access:</strong> No User ID or Password Required 
506 |a Electronic access restricted to authorized BRAC University faculty, staff and students 
520 3 |a This 2016 Article IV Consultation highlights Niger's macroeconomic outcomes, which continue to be affected by security and humanitarian shocks, weak commodity prices, and reduced trade flows to neighboring countries. For 2016, growth is projected at 4.6 percent, slightly higher than the 3.5 percent recorded in 2015, but still only just above the rate of population growth. The medium-term economic outlook is favorable, but remains subject to substantial external and domestic risks. Growth is projected to increase to 5.2 percent in 2017 and to average 6.0 percent during 2018-21, mainly as a result of the expansion of the extractive industries sector and an increase in public and private investments. 
538 |a Mode of access: Internet 
830 0 |a IMF Staff Country Reports; Country Report ;  |v No. 2017/059 
856 4 0 |z Full text available on IMF  |u http://elibrary.imf.org/view/journals/002/2017/059/002.2017.issue-059-en.xml  |z IMF e-Library